00634 a2200169 4500001000700000020001800007040003200025100001600057245002000073250001300093300004300106362000900149520023000158650003000388650002500418650002100443124517 a9780758729194 cEscola Canadense de Niteroi aAsch, Frank10aJust like daddy aNew York a32 p.c8 x 0.4 x 10 inches (hardcover)0 a1981 aLittle Bear loves to do everything his daddy does. When Daddy yawns, dresses, eats, fishes, and uses bait, so does Bear, just like his father. But when the whole family goes fishing, Bear catches a big fish…just like Mommy! 4aKindergarten's Literature 4aFamily relationships 4aFather and Child